| 000 | 01657cam a2200349 4500 | ||
|---|---|---|---|
| 008 | 020531n2002 000 0 eng u | ||
| 020 | _a0727731157 | ||
| 035 | _a(Sirsi) u118253 | ||
| 041 | _aeng. | ||
| 050 |
_a624.08 _c18 |
||
| 245 | 4 | _aThe NEC compared and contrasted | |
| 260 |
_aLondon _bThomas Telford _c2002 |
||
| 300 |
_axii, 108p. _c24cm. |
||
| 350 | _a20 | ||
| 520 | _aSets out to compare the NEC family of contracts with other construction industry standard forms. Will assist professionals involved in procurement in the construction industry to make informed choices and give balanced advice when deciding which contract to use for a particular project. Examines professional services contracts and construction contracts, as well as contractual arrangements for partnering. | ||
| 650 | _aNEW ENGINEERING CONTRACTS | ||
| 650 | _aBUILT ENVIRONMENT-BUILDING CONTRACT FORMS | ||
| 650 | _aProcurement-old | ||
| 650 | _aMANAGEMENT-PROJECT MANAGEMENT | ||
| 650 | _aJCT STANDARD FORM OF BUILDING CONTRACT (1998 EDITION) | ||
| 650 | _aBUILT ENVIRONMENT-BUILDING CONTRACT FORMS-STANDARD FORMS OF BUILDING CONTRACT-INSTITUTION OF CIVIL ENGINEERS CONTRACTS | ||
| 650 | _aBUILT ENVIRONMENT-BUILDING CONTRACT FORMS-STANDARD FORMS OF BUILDING CONTRACT-INTERNATIONAL FEDERATION OF CONSULTING ENGINEERS CONTRACTS | ||
| 650 | _aBUILT ENVIRONMENT-BUILDING CONTRACT FORMS-STANDARD FORMS OF BUILDING CONTRACT-GC/WORKS CONTRACTS | ||
| 650 | _aICHEME | ||
| 650 | _aMF/1 | ||
| 650 | _aSFA/99 | ||
| 650 | _aACE | ||
| 650 | _aPPC 2000 | ||
| 690 | _aBUILT ENVIRONMENT-BUILDING CONTRACT FORMS | ||
| 700 | _aFoward, Francis | ||
| 942 | _n0 | ||
| 999 |
_c102120 _d102120 |
||